[Event "Harrogate 4NCL op-C 29th"]
[Site "Harrogate"]
[Date "2023.01.20"]
[Round "1"]
[White "Lee, Jordan"]
[Black "Usher, Frank"]
[Result "1-0"]
[WhiteElo "1699"]
[BlackElo "1550"]
[PlyCount "55"]
[EventDate "2023.01.20"]
[EventType "swiss"]
[EventRounds "5"]
[EventCountry "ENG"]
[SourceTitle "CBM 212 Extra"]
[Source "ChessBase"]
[SourceDate "2023.03.31"]
[SourceVersion "1"]
[SourceVersionDate "2023.03.31"]
[SourceQuality "1"]

1. e4 e6 2. d4 d5 3. Nd2 c5 4. Ngf3 Nf6 5. exd5 Qxd5 6. Bc4 Qd8 7. 0-0 Be7 8. Nb3 cxd4 9. Nbxd4 0-0 10. Qe2 Bd7 11. Rd1 Qc7 12. Bg5 Nc6 13. Nb5 Qd8 14. Bxf6 Bxf6 15. Rd2 Qe7 16. Rad1 Rfd8 17. c3 Be8 18. Nd6 h6 19. Qe4 g6 20. h4 h5 21. Qf4 e5 22. Qh6 Bxh4 23. Qxg6+ Kf8 24. Qh6+ Kg8 25. Qxh5 Bf6 26. Nf5 Qc7 27. Qh6 Bh8 28. Ng5 1-0